Leave Before You Love Me (All Lyrics) - Jonas Brothers - Statistics

General Stats
  • This quiz has been taken 22 times
  • The average score is 219 of 266
Answer Stats
Answer % Correct
be
100%
I
100%
me
100%
my
100%
the
100%
you
100%
before
93%
Dancing
93%
I'm
93%
it
93%
leave
93%
Leave
93%
love
93%
on
93%
your
93%
A
87%
a
87%
edge
87%
edge,
87%
gotta
87%
in
87%
It's
87%
no
87%
To
87%
to
87%
with
87%
yeah,
87%
yeah
87%
Yeah,
87%
bed
80%
bed,
80%
far
80%
five
80%
head
80%
head,
80%
heart
80%
like
80%
mess
80%
morning,
80%
see
80%
take
80%
too
80%
And
73%
calling
73%
didn't
73%
get
73%
good
73%
hundred
73%
just
73%
messing
73%
Messing
73%
so
73%
sorry,
73%
sorry
73%
that
73%
up
73%
wake
73%
when
73%
alone
67%
at
67%
behind
67%
'bout
67%
bout
67%
breaking
67%
'Cause
67%
dark
67%
dark,
67%
dash
67%
eyes,
67%
eyes
67%
for
67%
I'd
67%
If
67%
if
67%
I'll
67%
knowing
67%
lonely,
67%
naked
67%
party
67%
type
67%
wanna
67%
body
60%
care
60%
catch
60%
Don't
60%
end
60%
foot
60%
gas
60%
how
60%
night
60%
notice,
60%
of
60%
Of
60%
one
60%
rather
60%
Staring
60%
staying,
60%
staying
60%
Than
60%
they
60%
are
53%
around
53%
deep
53%
give
53%
line
53%
off
53%
only
53%
ride
53%
rolling
53%
taking
53%
tight
53%
took
53%
wheels
53%
Won't
53%
wrapped
53%
gone
47%
Ain't
40%
Oh,
27%
No matching quizzes found
Score Distribution
Percent of People with Each Score
Percentile by Number Answered
Your Score History
You have not taken this quiz